000 00742nam a2200193 a 4500
003 0
005 20250224085327.0
008 111114s19uu xx 00 eng d
050 _aPGS LB 2710.92
_b.P759 2011
100 _aPojol, Andrea Dominique P.
245 _aExtent of social networking sites usage and student achievement /
_cAndre Dominique P. Pojol.
260 _aLas PiƱas City, Philippines :
_bSouthville International School and Colleges,
_c2011.
300 _a33 pages :
_billustrations ;
_c28 cm.
504 _aIncludes bibliographical references.
650 _aSocial networking (Internet).
_vEducational aspects.
650 _aStudent achievement
_vSocial aspects.
650 _aInternet in education.
942 _2lcc
_cPASS
999 _c98626
_d98626